| 000 | 00434nam a2200145Ia 4500 | ||
|---|---|---|---|
| 008 | 210210b1985 xxu||||| |||| 00| 0 eng d | ||
| 082 | _a540.02 MURJ | ||
| 100 | _aMURTHY (H S) & SUBBARAO (S V). | ||
| 245 | _aJoint entrance examination for medical & engineering courses chemistry. | ||
| 260 |
_aBangalore _bNudi Mudrana _c1985 |
||
| 300 | _avi,232 | ||
| 650 | _aC E T Chemistry Nudi | ||
| 690 | _aChemistry Entrance | ||
| 906 | _a037877 | ||
| 999 |
_c87786 _d87786 |
||